[Event "4NCL 2019-20"]
[Site "Daventry"]
[Date "2020.02.09"]
[Round "6"]
[White "Benhamida, Aisha"]
[Black "York-Weaving, Anna"]
[Result "1/2-1/2"]
[WhiteElo "1577"]
[BlackElo "1739"]
[Annotator "NA"]
[PlyCount "50"]
[EventDate "2020.01.11"]
[EventCountry "ENG"]
[SourceTitle "playchess.com"]
[Source "ChessBase"]
[SourceQuality "1"]
[TimeControl "40/6000:3000+30"]

1. e4 {[%emt 0:00:02]} c6 {[%emt 0:01:22]} 2. d4 {[%emt 0:00:34]} d5 {[%emt 0:00:27]} 3. Nd2 {[%emt 0:00:00]} dxe4 {[%emt 0:00:00]} 4. Nxe4 {[%emt 0:00:00]} Bf5 {[%emt 0:00:24]} 5. Ng3 {[%emt 0:00:00]} Bg6 {[%emt 0:00:00]} 6. Nf3 {[%emt 0:00:00]} Nd7 {[%emt 0:00:00]} 7. Bd3 {[%emt 0:00:00]} Bxd3 {[%emt 0:00:00]} 8. Qxd3 {[%emt 0:00:35]} e6 {[%emt 0:00:00]} 9. O-O {[%emt 0:00:00]} Ngf6 {[%emt 0:01:32]} 10. Re1 {[%emt 0:01:13]} Be7 {[%emt 0:00:00]} 11. c3 {[%emt 0:00:54]} O-O {[%emt 0:00:00]} 12. Bf4 {[%emt 0:00:21]} Nd5 {[%emt 0:04:28]} 13. Bd2 {[%emt 0:00:38]} c5 {[%emt 0:04:55]} 14. c4 {[%emt 0:15:03]} N5f6 {[%emt 0:02:33]} 15. Bc3 {[%emt 0:07:26]} Rc8 {[%emt 0:05:10]} 16. Qe2 {[%emt 0:07:56]} Re8 {[%emt 0:03:34]} 17. Rad1 {[%emt 0:08:06]} Qc7 {[%emt 0:07:45]} 18. b3 {[%emt 0:00:57]} Bd6 {[%emt 0:05:03]} 19. Ne5 {[%emt 0:08:13]} Rcd8 {[%emt 0:15:51]} 20. h3 {[%emt 0:22:18]} h6 {[%emt 0:19:06]} 21. Rd3 {[%emt 0:10:39]} cxd4 {[%emt 0:13:13]} 22. Bxd4 {[%emt 0:00:02]} Nxe5 {[%emt 0:01:03]} 23. Bxe5 {[%emt 0:00:00]} Bxe5 {[%emt 0:00:00]} 24. Rxd8 {[%emt 0:00:00]} Rxd8 {[%emt 0:00:00]} 25. Qxe5 {[%emt 0:00:00]} Qd7 {[%emt 0:02:48]} 1/2-1/2